Freestyle 5: student's book
Guardat en:
| Autors principals: | , , |
|---|---|
| Format: | Llibre |
| Idioma: | anglès |
| Publicat: |
Oxford
MacMillan
1999
|
| Matèries: | |
| Etiquetes: |
Afegir etiqueta
Sense etiquetes, Sigues el primer a etiquetar aquest registre!
|
MARC
| LEADER | 00000nam a2200000 a 4500 | ||
|---|---|---|---|
| 001 | UCN0096 | ||
| 003 | CL-VaPUC | ||
| 008 | 010316e19990000UK |||||||||||||||||eng|d | ||
| 082 | 0 | 4 | |a 372.6521 |b LLA |2 21 |
| 100 | |a Llanas, Angela |e autora |9 611893 | ||
| 700 | 0 | |a Williams, Libby |e author |9 455352 | |
| 700 | 0 | |a Ospina, Luz Janeth |e author |9 455353 | |
| 245 | 1 | 0 | |a Freestyle 5: student's book |
| 300 | |a 69 p | ||
| 942 | |c BK | ||
| 945 | |d 20010316 00:00:00 |a cmena | ||
| 260 | |a Oxford |b MacMillan |c 1999 | ||
| 500 | |a Complementario con cassette Freestyle 5 | ||
| 650 | 0 | |a Inglés |9 260023 | |
| 650 | 0 | |a Educación lingüística |9 306506 | |
| 650 | 0 | |a Enseñanza del inglés |9 367340 | |
| 650 | 0 | |a Educación básica |9 224933 | |
| 650 | 0 | |a Métodos de enseñanza |9 270413 | |
| 650 | 0 | |a Libros de texto |9 270019 | |
| 583 | |a last modification |c 20010316 00:00:00 |k Rodrigo Vera | ||
| 999 | |c 294045 |d 294043 | ||
| 952 | |0 0 |1 0 |4 0 |6 372_652100000000000_LLA_1999 |7 0 |8 A |9 345885 |a BIBEDU |b BIBEDU |d 2019-11-20 |i 3693236 |o 372.6521 LLA 1999 |p 3693236 |r 2019-11-20 |w 2019-11-20 |y BK |k LIT | ||